000 00370nam a2200169Ia 4500
008 221030s9999 xx 000 0 und d
020 _a9788183230292
041 _aEnglish
082 _a105.23
100 _aAIMA
245 0 _aManaging New India
250 _a1st
260 _bExcel Books
_aNew Delhi
_c2007
300 _a160
650 _aManagement
942 _cBK
999 _c5480
_d5480